00773 a2200169 45000010006000000050017000060080041000230030015000640400040000790800104001192450090002232640033003133000019003465050179003651000024005447000035005682709420260407155548.0260407a1975 arg spa dAR-UNSa-BCEJYS aAR-UNSa-BCEJYSbspacAR-UNSa-BCEJYS a347.736xQuiebra. Insolvencia. Suspensión de pagos. Bancarrota, procedimientos. Derecho Concursal10aLos privilegiosen el proceso concursalpactualizado con la ley de contrato de trabajo 1aBuenos Aires :bAstreac1975 a317 p.c20 cm. a1. Introducción - 2. Acreedores del concurso - 3. Acreedores del deudor - 4. Acreedores con privilegio general - 5. Acreedores quirográfarios o comunes - 6. Conclusiones.1 aAlegría, Héctor1 aKemelmajer de Carlucci, Aída